Essays on company law / (Record no. 133120)

MARC details
000 -LEADER
fixed length control field 00717nam a2200217 a 4500
008 - FIXED-LENGTH DATA ELEMENTS--GENERAL INFORMATION
fixed length control field
020 ## - INTERNATIONAL STANDARD BOOK NUMBER
International Standard Book Number 978017043X (pbk.)
049 ## - LOCAL HOLDINGS (OCLC)
Holding library MAIN
090 00 - LOCALLY ASSIGNED LC-TYPE CALL NUMBER (OCLC); LOCAL CALL NUMBER (RLIN)
Classification number (OCLC) (R) ; Classification number, CALL (RLIN) (NR) KTA956
Local cutter number (OCLC) ; Book number/undivided call number, CALL (RLIN) ESS
003 - CONTROL NUMBER IDENTIFIER
control field
005 - DATE AND TIME OF LATEST TRANSACTION
control field 20230123124941.0
040 ## - CATALOGING SOURCE
Transcribing agency NUST
245 00 - TITLE STATEMENT
Title Essays on company law /
Statement of responsibility, etc. edited by E.O. Akanki.
260 ## - PUBLICATION, DISTRIBUTION, ETC.
Place of publication, distribution, etc. Akoka, Lagos :
Name of publisher, distributor, etc. Published by University of Lagos Press for Dept. of Commercial and Industrial Law,
Date of publication, distribution, etc. 1992.
300 ## - PHYSICAL DESCRIPTION
Extent xxxvi, 348 p. ;
Dimensions 24 cm.
650 #0 - SUBJECT ADDED ENTRY--TOPICAL TERM
Topical term or geographic name entry element Corporation law
Geographic subdivision Nigeria.
700 1# - ADDED ENTRY--PERSONAL NAME
Personal name Akanki, E. O.
710 2# - ADDED ENTRY--CORPORATE NAME
Corporate name or jurisdiction name as entry element University of Lagos.
Subordinate unit Dept. of Commercial and Industrial Law.
907 ## - LOCAL DATA ELEMENT G, LDG (RLIN)
a .b1009362x
b 18-09-09
c 20-11-03
942 ## - ADDED ENTRY ELEMENTS (KOHA)
Koha item type Ordinary Loan Books
Call number prefix KTA956
Call number suffix ESS
Holdings
Date last seen Total Checkouts Full call number Barcode Cost, replacement price Price effective from Koha item type Lost status Source of classification or shelving scheme Damaged status Not for loan Collection Withdrawn status Home library Current library Shelving location Date acquired Cost, normal purchase price
01/23/2023 2 KTA956 ESS 92003007822 80.00 01/23/2023 BOOKS   LCC     NFIC   MAIN MAIN GEN 01/23/2023 80.00